The world is flat: a brief history of the 21st century (Record no. 36475)

MARC details
000 -LEADER
fixed length control field 00474nam a2200181Ia 4500
020 ## - INTERNATIONAL STANDARD BOOK NUMBER
ISBN 0- 374-29288- 4
050 ## - CALL MARK
Classification number HM 846 .F74/
100 ## - STATEMENT OF RESPONSIBILITY--MAIN AUTHOR NAME
Personal name Thomas L. Friedman
245 #4 - TITLE STATEMENT
Title The world is flat: a brief history of the 21st century
260 ## - PUBLICATION, DISTRIBUTION, ETC. (IMPRINT)
Place of publication New York
260 ## - PUBLICATION, DISTRIBUTION, ETC. (IMPRINT)
Name of publisher Thomas L. Friedman
260 ## - PUBLICATION, DISTRIBUTION, ETC. (IMPRINT)
Year of publication 2005
300 ## - PHYSICAL DESCRIPTION
Number of Pages 488 p
650 ## - SUBJECT ADDED ENTRY--TOPICAL TERM
Topical Term Globalization- economic aspects
942 ## - ADDED ENTRY ELEMENTS (KOHA)
Koha item type Books
Holdings
Withdrawn status Lost status Source of classification or shelving scheme Damaged status Not for loan Permanent Location Current Location Date acquired Accession Number Price effective from Koha item type
    Library of Congress Classification     NILE UNIVERSITY OF NIGERIA - MAIN LIBRARY NILE UNIVERSITY OF NIGERIA - MAIN LIBRARY 04/23/2025 0004296 04/23/2025 Books